000 00568cam a22002053a 4500
001 38230
003 PGUSA
005 20140828083837.0
008 111206s2011||||xxu|||||s|||||000 | eng d
040 _aPGUSA
_beng
042 _adc
100 1 _aMoore, Thomas,
_d1779-1852
245 1 4 _aThe Odes of Anacreon
_h[electronic resource] /
_cThomas Moore
260 _bProject Gutenberg,
_c2011
506 _aPublic domain in the USA.
516 _aElectronic text
830 0 _aProject Gutenberg
_v38230
856 4 0 _uhttp://www.gutenberg.org/ebooks/38230
942 _cEB
999 _c267484
_d267484